| 000 | 02014cam a2200313 a 4500 | ||
|---|---|---|---|
| 999 |
_c6416 _d6416 |
||
| 001 | 71275460 | ||
| 003 | OCoLC | ||
| 005 | 20190116193621.0 | ||
| 008 | 060828s2006 coua 000 0 eng | ||
| 010 | _a2006028633 | ||
| 020 | _a9780764434044 (pbk. : alk. paper) | ||
| 020 | _a0764434047 (pbk. : alk. paper) | ||
| 035 | _a(OCoLC)71275460 | ||
| 040 |
_aDLC _cDLC _dBTCTA _dBSC |
||
| 082 |
_a248.5 _bS625O |
||
| 092 |
_a248.5 _bS625o, 2006 |
||
| 100 | 1 |
_aSjogren, Steve, _d1955- |
|
| 245 | 1 | 0 |
_aOutflow : _boutward-focused living in a self-focused world / _cSteve Sjogren, Dave Ping. |
| 250 | _a1st American pbk. ed. | ||
| 260 |
_aLoveland, Colo. : _bGroup, _cc2006. |
||
| 300 |
_a236 p. : _bill. ; _c23 cm. |
||
| 505 | 0 | _aIntroduction -- A life overflowing -- Experiencing outflow -- Your life can flow -- Blessings flow -- The water thief -- The judas factor -- The deep end: take a walk -- Outward toward God -- Jerusalem -- Listening to a still, small voice -- Loving the one who loved you first -- Sharing it all with God -- Serving God with love -- The deep end : a reflection on relationship -- Outward toward family and friends -- Judea -- The value of listening -- Loving family and friends toward Jesus -- Sharing Jesus with those you love -- Serving wholeheartedly xx -- The deep end: free bbq! xx -- Outward toward your community -- Samaria -- Listening to strangers -- Loving your city -- Share the party -- Serving your city through vision -- The deep end : water give-away -- Outward toward your world -- The ends of the earth -- Listening for a change -- Love in action -- Sharing with everyone -- A lifetime of serving your world -- The deep end : minute-by-minute missions. | |
| 650 | 0 | _aWitness bearing (Christianity) | |
| 650 | 0 |
_aInterpersonal relations _xReligious aspects _xChristianity. |
|
| 650 | 0 |
_aLove _xReligious aspects _xChristianity. |
|
| 700 | 1 | _aPing, Dave. | |
| 856 | 4 | 1 |
_3Table of contents only _uhttp://www.loc.gov/catdir/toc/ecip0620/2006028633.html |
| 942 |
_2ddc _cBK |
||